Normal view
MARC view
- تاليف الدمشقي، محمد حسين العطا؛ ضبط وتحقيق سبانو، احمد غسان
Entry Personal Name
001 - CONTROL NUMBER
- control field: 14696
003 - CONTROL NUMBER IDENTIFIER
- control field: JO-AjAnu
005 - DATE AND TIME OF LATEST TRANSACTION
- control field: 20230606072639.0
008 - FIXED-LENGTH DATA ELEMENTS
- fixed length control field: 230606|| aca||aabn | a|a d
040 ## - CATALOGING SOURCE
- Original cataloging agency: JO-AjAnu
- Transcribing agency: JO-AjAnu
100 ## - HEADING--PERSONAL NAME
- Personal name: تاليف الدمشقي، محمد حسين العطا؛ ضبط وتحقيق سبانو، احمد غسان
670 ## - SOURCE DATA FOUND
- Source citation: Work cat.: (JO-AjAnu)7548: تاليف الدمشقي، محمد حسين العطا؛ ضبط وتحقيق سبانو، احمد غسان , author, علم المياه الجارية في مدينة دمشق أو رسالة في علم المياه